Normal view
MARC view
Entry Personal Name
001 - CONTROL NUMBER
- control field: 861927
003 - CONTROL NUMBER IDENTIFIER
- control field: OSt
005 - DATE AND TIME OF LATEST TRANSACTION
- control field: 20260105152020.0
008 - FIXED-LENGTH DATA ELEMENTS
- fixed length control field: 260105|| aca||aabn | a|a d
040 ## - CATALOGING SOURCE
- Original cataloging agency: OSt
- Transcribing agency: OSt
100 ## - HEADING--PERSONAL NAME
- Personal name: रविदास, विलक्षण
670 ## - SOURCE DATA FOUND
- Source citation: Work cat.: (OSt)1466904: रविदास, विलक्षण , अछूत जातियाँ और बौद्ध धर्म: ईसा पूर्व छठी सदी से दूसरी सदी तक , 2018
